000 00895cab a2200277 4500
001 WB3443-08
008 090401t1998 xxu||||| |||| 00| 0 eng d
035 _a(Sirsi) u89579
041 _aeng
245 _aSlump fears
260 _c1998
350 _a0
490 _aSunday Business
_v8 November 1998, 9
490 _aEstates Gazette
_v(9842) 7 November 1998, 43(2)
520 _aThree separate reports published last week by the RICS, GVA Grimley and King Sturge all report a lowering of confidence in the property sector and an increase in vacant space.
650 _aFORECASTS
650 _aGVA GRIMLEY
650 _aKING STURGE
650 _aPROPERTY-COMMERCIAL PROPERTY-OFFICE PROPERTY-OFFICE PROPERTY MARKET
650 _aPROPERTY SECTOR
650 _aRICS SURVEY
650 _aSURVEYS
690 _aPROPERTY-COMMERCIAL PROPERTY
942 _n0
948 _c10/11/1998
999 _c56688
_d56688